000 00215nam a2200097Ia 4500
008 190216s9999||||xx |||||||||||||| ||und||
100 _aNigham S P
245 2 _aA Text Book Of Dynamics
260 _bNull
942 _cBK
999 _c32782
_d32782